Normal view
MARC view
- رفيق، أديب
Entry Personal Name
001 - CONTROL NUMBER
- control field: 52855
003 - CONTROL NUMBER IDENTIFIER
- control field: JO-AjAnu
005 - DATE AND TIME OF LATEST TRANSACTION
- control field: 20230606082702.0
008 - FIXED-LENGTH DATA ELEMENTS
- fixed length control field: 230606|| aca||aabn | a|a d
040 ## - CATALOGING SOURCE
- Original cataloging agency: JO-AjAnu
- Transcribing agency: JO-AjAnu
100 ## - HEADING--PERSONAL NAME
- Personal name: رفيق، أديب
670 ## - SOURCE DATA FOUND
- Source citation: Work cat.: (JO-AjAnu)27006: رفيق، أديب, author, أصداء في حديقة المعدن: ( نصوص) Texts